00457 2200169 4500001002100000005001700021035002400038082001300062084001900075100002300094245006200117260003600179300002600215850001200241990001700253990001700270YOGYA00000000003853320170118095905.0 0010-081400000038251 a297. 122 a297. 122 Cho A aChoiran Marzuki, M aAyat-ayat pegangan dakwah kitab ahlaqcChoiran Marzuki, M aYogyakartabMitra Pustakac2010 axvi, 702 hlm.c23 cm. aYOPDYOG a259-RBM/B.12 a260-RBM/B.12